000 00458cam a2200169 4500
001 D12104
008 090401t1955 xxu||||| |||| 00| 0 eng d
035 _a(Sirsi) u1215
041 _aeng
100 _aBeaumont, Christopher
245 _aTown and Country Planning Act, 1954. A guide for agents and others
260 _aLondon
_bIncorp Soc of Auctioners and Landed Prop
_c1955
350 _a0
520 _aShelf 176
942 _n0
948 _c04/03/1997
999 _c85648
_d85648